Socioeconomice benefits of inundated forests in kandal province-a case study of khpob commune saang district, ផលប្រយោជសេដ្ឋកិច្ចសង្គមនៃព្រៃលិចទឹកក្នុង ខេត្តកណ្ដាល សិក្សាឃុំខ្ពប ស្រុកស្អាង, (Record no. 3681)
[ view plain ]
| 000 -LEADER | |
|---|---|
| fixed length control field | 00720nam a22001577a 4500 |
| 003 - CONTROL NUMBER IDENTIFIER | |
| control field | OSt |
| 005 - DATE AND TIME OF LATEST TRANSACTION | |
| control field | 20151120143943.0 |
| 008 - FIXED-LENGTH DATA ELEMENTS--GENERAL INFORMATION | |
| fixed length control field | 151120b xxu||||| |||| 00| 0 eng d |
| 040 ## - CATALOGING SOURCE | |
| Transcribing agency | RUA |
| 082 ## - DEWEY DECIMAL CLASSIFICATION NUMBER | |
| Classification number | FIS ទឹម 1995 B159 Or.1 |
| 100 ## - MAIN ENTRY--PERSONAL NAME | |
| 9 (RLIN) | 3960 |
| Personal name | ទឹម សាវុធ |
| 245 ## - TITLE STATEMENT | |
| Title | Socioeconomice benefits of inundated forests in kandal province-a case study of khpob commune saang district, ផលប្រយោជសេដ្ឋកិច្ចសង្គមនៃព្រៃលិចទឹកក្នុង ខេត្តកណ្ដាល សិក្សាឃុំខ្ពប ស្រុកស្អាង, |
| 260 ## - PUBLICATION, DISTRIBUTION, ETC. (IMPRINT) | |
| Place of publication, distribution, etc. | Phnom Penh |
| Name of publisher, distributor, etc. | RUA |
| Date of publication, distribution, etc. | 1995 |
| 300 ## - PHYSICAL DESCRIPTION | |
| Extent | 63p. |
| Other physical details | ill. |
| Dimensions | 29cm. |
| 942 ## - ADDED ENTRY ELEMENTS (KOHA) | |
| Source of classification or shelving scheme | |
| Koha item type | FIS |
| Price effective from | Date last seen | Permanent Location | Not for loan | Date acquired | Source of classification or shelving scheme | Koha item type | Barcode | Lost status | Damaged status | Withdrawn status | Current Location | Full call number |
|---|---|---|---|---|---|---|---|---|---|---|---|---|
| 2015-11-20 | 2015-11-20 | Library Block B | 2015-11-20 | FIS | RUA011267 | Library Block B | FIS ទឹម 1995 B159 Or.1 | |||||
| 2015-11-20 | 2015-11-20 | Library Block B | 2015-11-20 | FIS | RUA011537 | Library Block B | FIS ទឹម 1995 B159 Or.2 | |||||
| 2015-11-20 | 2015-11-20 | Library Block B | 2015-11-20 | FIS | RUA011901 | Library Block B | FIS ទឹម 1995 B159 Or.3 | |||||
| 2015-11-20 | 2015-11-20 | Library Block B | 2015-11-20 | FIS | RUA011413 | Library Block B | FIS ទឹម 1995 B159 Or.4 | |||||
| 2015-11-20 | 2015-11-20 | Library Block B | 2015-11-20 | FIS | RUA011340 | Library Block B | FIS ទឹម 1995 B159 Or.5 | |||||
| 2015-11-20 | 2015-11-20 | Library Block B | 2015-11-20 | FIS | RUA011900 | Library Block B | FIS ទឹម 1995 B159 Or.6 | |||||
| 2015-11-20 | 2015-11-20 | Library Block B | 2015-11-20 | FIS | RUA011680 | Library Block B | FIS ទឹម 1995 B159 Or.7 | |||||
| 2015-11-20 | 2015-11-20 | Library Block B | 2015-11-20 | FIS | RUA011097 | Library Block B | FIS ទឹម 1995 B159 Or.8 | |||||
| 2015-11-20 | 2015-11-20 | Library Block B | 2015-11-20 | FIS | RUA011169 | Library Block B | FIS ទឹម 1995 B159 Or.9 | |||||
| 2015-11-20 | 2015-11-20 | Library Block B | 2015-11-20 | FIS | RUA011896 | Library Block B | FIS ទឹម 1995 B159 Or.10 |